অর্থনৈতিক ব্যবস্থাপনা সংকট বাংলাদেশের উন্নয়ন পর্যালোচনা ১৯৯৭ / (Record no. 44526)
[ view plain ]
| 000 -LEADER | |
|---|---|
| fixed length control field | 00956nam a22002177a 4500 |
| 001 - CONTROL NUMBER | |
| control field | 44526 |
| 003 - CONTROL NUMBER IDENTIFIER | |
| rucl marc code | BD-RjUL |
| 005 - DATE AND TIME OF LATEST TRANSACTION | |
| control field | 20211209053856.0 |
| 008 - FIXED-LENGTH DATA ELEMENTS--GENERAL INFORMATION | |
| fixed length control field | 160718s1998 bg a|||| |||| 00| 0 ben d |
| 020 ## - INTERNATIONAL STANDARD BOOK NUMBER | |
| International Standard Book Number | 9840501909 |
| 035 ## - SYSTEM CONTROL NUMBER | |
| System control number | (BD-RjUL)44644 |
| 040 ## - CATALOGING SOURCE | |
| Original cataloging agency | BD-RjUL |
| Language of cataloging | ben |
| Transcribing agency | BD-RjUL |
| 041 ## - LANGUAGE CODE | |
| Language code of text/sound track or separate title | ben |
| 082 ## - DEWEY DECIMAL CLASSIFICATION NUMBER | |
| Edition number | 23 |
| Classification number | 337 |
| Author mark and year | ART 1998 |
| 245 ## - TITLE STATEMENT | |
| Title | অর্থনৈতিক ব্যবস্থাপনা সংকট বাংলাদেশের উন্নয়ন পর্যালোচনা ১৯৯৭ / |
| 260 ## - PUBLICATION, DISTRIBUTION, ETC. (IMPRINT) | |
| Place of publication, distribution, etc. | ঢাকা : |
| Name of publisher, distributor, etc. | ইউনিভার্সিটি প্রেস লিমিটেড, |
| Date of publication, distribution, etc. | ১৯৯৮ |
| 300 ## - PHYSICAL DESCRIPTION | |
| Pagination | xx,২৮৩ পৃ . |
| Illustrations | চিএ ; |
| Size | ২০ সেমি. |
| 650 ## - SUBJECT ADDED ENTRY--TOPICAL TERM | |
| Source of heading or term | বিশ্বায়ন |
| Form subdivision | অর্থনৈতিক দিক |
| General subdivision | অর্থনৈতিক উন্নয়ন |
| 9 (RLIN) | 136646 |
| Source of heading or term | Globalization |
| Form subdivision | Economic aspects |
| General subdivision | Economic development |
| 9 (RLIN) | 136647 |
| 942 ## - ADDED ENTRY ELEMENTS (KOHA) | |
| Source of classification or shelving scheme | Dewey Decimal Classification |
| Koha item type | Books |
| Lost status | Source of classification or shelving scheme | Damaged status | Not for loan | Collection code | Permanent Location | Current Location | Shelving location | Date acquired | Source of acquisition | Cost, normal purchase price | Total Checkouts | Full call number | Date last seen | Copy number | Koha item type |
|---|---|---|---|---|---|---|---|---|---|---|---|---|---|---|---|
| Dewey Decimal Classification | Non-fiction | Central Library, University of Rajshahi | Central Library, University of Rajshahi | 22/11/1998 | Center for Pollicy Dailog, Dhaka | 300.00 | B 337 ART 1998 | 18/07/2016 | C-2 | Books |